Podnikateľská výnimočnosť: Realizácia podnikateľských cieľov

Plánovanie projektov, ktorých cieľom je podnikateľská výnimočnosť. Popis metódy PDR (Plan Deploy Review = plánuj, rozširuj, preskúmaj). Prvky plánovacieho procesu. Proces realizácie alebo rozširovania. Proces preskúmania. Prednosti, ktoré prináša PDR pri projekte podnikateľskej výnimočnosti. Porovna...

Descrizione completa

Salvato in:
Dettagli Bibliografici
Autore principale: Hemmi, Jürg B.
Altri autori: Dzimková, Renata
Natura: Capitolo di libro
Lingua:slovacco
Soggetti:
Tags: Aggiungi Tag
Nessun Tag, puoi essere il primo ad aggiungerne!!

MARC

LEADER 00000naa a2200000 4500
001 r041221
005 20231002070018.0
041 0 |a slo 
044 |a SK 
245 1 0 |a Podnikateľská výnimočnosť: Realizácia podnikateľských cieľov  |c Jürg B. Hemmi ; preložila: Renáta Dzimková 
520 |a Plánovanie projektov, ktorých cieľom je podnikateľská výnimočnosť. Popis metódy PDR (Plan Deploy Review = plánuj, rozširuj, preskúmaj). Prvky plánovacieho procesu. Proces realizácie alebo rozširovania. Proces preskúmania. Prednosti, ktoré prináša PDR pri projekte podnikateľskej výnimočnosti. Porovnanie s inými metódami realizácie cieľov. Zavádzanie PDR. 
610 2 0 |a ciele podnikové 
610 2 0 |a projekty 
610 2 0 |a plánovanie cieľové 
610 2 0 |a manažment 
610 2 0 |a metódy plánovania 
610 2 0 |a riadenie podľa cieľov 
610 2 0 |a metódy riadenia 
100 1 |a Hemmi, Jürg B. 
700 1 |a Dzimková, Renata